000 00804nam a2200265 a 4500
001 6725
003 BD-RjUL
005 20211208234311.0
008 140112r20041995ii b 001 0 eng d
020 _a8185386102
035 _a(BD-RjUL)6766
040 _aBD-RjUL
_beng
_cBD-RjUL
041 _aeng
082 0 0 _a337
_bLII
_223
100 1 _aLindert, Peter H.
_921151
245 1 0 _aInternational economics /
_cPeter H. Lindert
250 _a8th ed.
260 _aHomewood, Ill :
_bR.D. Irwin,
_c1995 [Reprint 1995-2004].
300 _axxii, 576 p. :
_bill. ;
_c25 cm.
490 0 _aIrwin publications in economics
504 _aIncludes bibliographical references and index.
650 0 _aInternational economic relations
_921152
700 _aKindleberger, Charles Poor,
_9130594
942 _2ddc
_cBK
999 _c6725
_d6725